A Course in Combinatorics
Αποθηκεύτηκε σε:
| Κύριος συγγραφέας: | |
|---|---|
| Άλλοι συγγραφείς: | |
| Μορφή: | Βιβλίο |
| Γλώσσα: | English |
| Δημοσίευση: |
Cambridge [England] ; New York :
Cambridge University Press,
1994
|
| Έκδοση: | 1st ed., Repr. |
| Θέματα: | |
| Ετικέτες: |
Προσθήκη ετικέτας
Δεν υπάρχουν, Καταχωρήστε ετικέτα πρώτοι!
|
MARC
| LEADER | 00000nam a2200000 i 4500 | ||
|---|---|---|---|
| 001 | 1/41694 | ||
| 008 | 950228s1994 eng d | ||
| 020 | |a 0-521-42260-4 | ||
| 035 | |a 1995 |c ΧΑΤΖΗΣΑΒΒΑΣ |l 10041574 | ||
| 040 | |a GR-MY-UA |b gre |e aacr | ||
| 041 | 0 | |a eng | |
| 082 | 0 | |a 511.6 | |
| 100 | 1 | |a Lint, Jacobus Hendricus van |d 1932- | |
| 245 | 1 | 2 | |a A Course in Combinatorics / |c J.H. van Lint and R.M. Wilson |
| 250 | |a 1st ed., Repr. | ||
| 260 | |a Cambridge [England] ; New York : |b Cambridge University Press, |c 1994 | ||
| 300 | |a xii, 530 p.; |b ill.; |c 25 cm. | ||
| 500 | |a Includes bibliographical references and indexes | ||
| 650 | 0 | 0 | |a Combinatorial analysis. |
| 700 | 1 | |a Wilson, Richard Michael |d 1945- | |
| 852 | |a INST |b SAMOS |e 19950228 |h 511.6 LIN |p 005300006357 |q 005300006357 |t BK |y 0 | ||
| 909 | |a Σ |b 037216 | ||